00687nam a22001697a 4500003000900000008004100009040007100050082001700121100002100138245007800159260004700237300002600284505016400310650001400474650001600488650001300504AR-CdUCM190516b ||||| |||| 00| 0 spa d aMUNICIPALIDAD PROVINCIAL DEL CUSCOcBIBLIOTECA MUNICIPAL DEL CUSCO a343.4 /bL49 aLerner, Bernardo aEl derecho de resistencia a la opresión :bEnsayo de derecho politico / aBuenos Aires :bBibliografia Omeba,c1967. a162 paginas ;c20 CM. aContenido: Opresión politica -- El jus resistendi -- Genesis historica -- Retrocesos y avances -- La resistencia a la opresión en la republica Argentina... aArgentina aTradiciones aPolitica